000 00377nam a22001577a 4500
003 MPLRDC
005 20220104123340.0
008 210129b ||||| |||| 00| 0 eng d
082 _a947.41 DG c.2
100 _a大观出版社编辑部编绘
245 _a漫画基本技法
_c
260 _a
_b大观出版社
_c
300 _b
650 _a
942 _cBK
_o947.41 DG c.2
999 _c10689
_d10679